000 00403nam a2200133Ia 4500
008 231019s9999 xx 000 0 und d
082 _a657.0071
_bTUT-M
100 _aTutors-CFE Research Deptt.
245 0 _aCAT Paper T3 Maintaining Financial Record (Int.) Class Notes
260 _aLahore, Pakistan
_bCFE College of Accountancy & Finance
_c2010
300 _a248
650 _aAccounting
999 _c34521
_d34521